00931nam a2200241 a 4500001001000000003000500010005001700015008004100032010001100073011001100084040000900095100003300104245015600137260004100293500006000334502007500394650003300469650003300502650003300535650002300568650002800591856007000619000112365CHAP20220329144300.0160304s2016 mx a fsm |||||||spa d a108826 a109798 cCHAP1 aFonseca Gómez, Juan Daniel10aNiveles óptimos económicos de la inclusión de cobre y cromo en una dieta para pollos de en gorda/h[En línea]cpor Juan Daniel Fonseca Gómez. aChapingo, Méx. :bEl autor,c2016. aPara ver el contenido del material haga clic en la liga aTesis (Ing. Agr. Esp. en Zootecnia) -- UACH. Departamento de Zootecnia14aAves de corralxNutrición.14aCobre en nutrición animal.14aCromo en nutrición animal.14aPollos de engorde.14aPollosxAlimentación. aFinding aiduhttp://10.13.5.2/tesis/sist112365.pdfzTeclea aquí